| 000 | 00422nam a2200145Ia 4500 | ||
|---|---|---|---|
| 008 | 210210b2005 xxu||||| |||| 00| 0 eng d | ||
| 020 | _a0 7624 1922 9 | ||
| 082 | _a510.92 HAWG | ||
| 100 | _aHAWKING (Stephen). Ed. | ||
| 245 | _aGod created the integers: mathematical breakthroughs that changed history. | ||
| 260 |
_aPhiladelphia _bRunning Press _c2005 |
||
| 300 | _axiii,1160 | ||
| 690 | _aBiography | ||
| 906 | _a060932 | ||
| 999 |
_c107853 _d107853 |
||